000 00397nam a22001097a 4500
082 _a800
100 _aपाण्‍डे,इरा
_983763
245 _aदिदी शिवानी की कहानी
260 _aनयी दिल्‍ली
_bराजकमल पेपरबैक्‍स प्रकाशन
_c2025
650 _aसंस्‍मरण
942 _cHIN
999 _c68732
_d68732